| 000 | 00695nam a2200205 i 4500 | ||
|---|---|---|---|
| 001 | 65723 | ||
| 003 | ES-MaACL | ||
| 005 | 20250828030051.0 | ||
| 007 | t| | ||
| 008 | 040121q19111930sp ||||1| spa d | ||
| 100 | 1 |
_aFromont de Bouaille, C. de. _952733 |
|
| 245 | 1 | 0 |
_aConciliación y arbitraje / _cC. de Fromont de Bouaille ; versión española por Carlos Frontaura. |
| 260 |
_aMadrid : _bSaturnino Calleja, _c[191--?] |
||
| 300 |
_a282 p. ; _c20 cm. |
||
| 490 | 1 | _aCiencia y acción. Estudios sociales | |
| 700 | 0 |
_aFrontaura, Carlos, _d1834-1910 _952739 |
|
| 830 | 0 | 0 |
_aCiencia y acción. _pEstudios sociales _9187220 |
| 852 |
_aES-MaACL _jF-1691 |
||
| 999 |
_c65723 _d65723 |
||